Periklovo Řecko : obrazy ze života doby

Na minha lista:
Detalhes bibliográficos
Main Authors: Bouzek, Jan (Author), Ondřejová, Iva (Author)
Formato: Livro
Idioma:tcheco
Publicado em: Praha : MF Slovensko, 1989
Edição:1.vyd.
Assuntos:
Tags: Adicionar Tag
Sem tags, seja o primeiro a adicionar uma tag!

MARC

LEADER 00000nam a22000003a 4500
001 stu13614
005 20150617225800.1
008 960708s1989----cs------------------cze-d
020 |a 8020400834 
040 |a STU  |b slo 
041 0 |a cze 
044 |a cs 
100 1 |a Bouzek, Jan  |4 aut 
245 1 |a Periklovo Řecko :  |b obrazy ze života doby 
250 |a 1.vyd.  
260 |a Praha :  |b MF Slovensko,  |c 1989 
300 |a 264 s 
650 7 |a Grécko  |2 stusub 
650 7 |a antika  |2 stusub 
650 7 |a architektúra-dejiny  |2 stusub 
700 1 |a Ondřejová, Iva  |4 aut 
996 |b 284AU02227  |c A*1417 U  |l AAKNST  |s P  |a 0  |w stu13614_0002